000 00909nam a2200241 a 4500
001 40120
003 BD-RjUL
005 20211209053136.0
008 160423s1969 bg ||||| |||| 00| p ben d
020 _c: Tk. 3.50
035 _a(BD-RjUL) 40235
040 _aBD-RjUL
_bben
_cBD-RjUL
041 _aben
082 _223
_a891.4391
_bFAK 1969
100 _aফরিদ, খাজা
_9123554
245 1 0 _aখাজা ফরিদের কবিতা /
_cখাজা ফরিদ ; শামসুর রাহমান অনূদিত
260 _aঢাকা :
_bবাজমে সাকাফাত মুলতান,
_c১৯৬৯
300 _a[১৪], ৮৪ পৃ. ;
_c২১ সেমি.
650 _aউর্দু কবিতা
_9123540
650 _aUrdu Poetry
_9123541
700 _aরাহমান, শামসুর, অনুবাদক
_9123555
942 _2ddc
_cBK
999 _c40120
_d40120